01300nam a2200241 a 450000100100000000500170001000800410002704000250006808200230009310000340011624500730015024600260022326000760024930000270032559000260035261000300037865000840040865100840049291000370057695202090061395202190082299900170104100003058520200930062407.0110524s1959 dr a 000 | spa d aDO-SdBNPbspacBNPHU a324.27293053bU76f1 aUribe, Max,d1900 -19969949510aFunción del Partido Dominicano en la Era de Trujillo /cMax Uribe.13aEl Partido Dominicano aCiudad Trujillo, República Dominicana :bImpresora Dominicana,c1959. a258p. :bil. ;c21 cm. aInventariado, 2018/VM24aPARTIDO DOMINICANO914584 4aPartidos políticoszRepública DominicanayERA DE TRUJILLO, 1930-1961957190 4aRepública DominicanaxPolítica Y GobiernoyERA DE TRUJILLO, 1930-196191374 aValidado. Control de calidad MFF 001050718RVaPDbPDcHDd2011-05-24iLF1l0o324.27293053 U76f | v.1p30585-10r2020-06-25w2020-06-25y1zPerteneció a la biblioteca personal de Martínez Boog. Dedicado por el autor.ZNo se presta 001050718RVaPDbPDcHDd2011-05-24iLF1l0o324.27293053 U76f | v.1 e.2p30585-20r2020-06-25w2020-06-25y1zPerteneció a la biblioteca personal de Germán Emilio Ornes. Dedicado por el autor.ZNo se presta c30077d30077